THE FASHION RESOURCE BOOK MEN (Record no. 17193)
[ view plain ]
| 000 -LEADER | |
|---|---|
| fixed length control field | 00304nam a22001337a 4500 |
| 003 - CONTROL NUMBER IDENTIFIER | |
| control field | SGT |
| 020 ## - INTERNATIONAL STANDARD BOOK NUMBER | |
| International Standard Book Number | 978-0-500-29132-0 |
| 082 ## - DEWEY DECIMAL CLASSIFICATION NUMBER | |
| Classification number | 746.92 |
| Item number | T14L |
| 100 ## - MAIN ENTRY--PERSONAL NAME | |
| Personal name | LEACH, ROBERT |
| 245 ## - TITLE STATEMENT | |
| Title | THE FASHION RESOURCE BOOK MEN |
| 260 ## - PUBLICATION, DISTRIBUTION, ETC. (IMPRINT) | |
| Place of publication, distribution, etc | LONDON |
| Name of publisher, distributor, etc | THAMES & HUDSON |
| Year of Publication | 2014 |
| 300 ## - PAGE DESCRIPTION | |
| No. of Pages | 208 |
| 942 ## - ADDED ENTRY ELEMENTS (KOHA) | |
| Source of classification or shelving scheme | Dewey Decimal Classification |
| Koha item type | Books |
| Withdrawn status | Lost status | Source of classification or shelving scheme | Damaged status | Not for loan | Home library | Current library | Shelving location | Date acquired | Vendor Name | Cost, normal purchase price | SGTU | Bill Number | Total Checkouts | Full call number | Accession No. (Barcode) | Date last seen | Date last borrowed | Bill Date | Koha item type |
|---|---|---|---|---|---|---|---|---|---|---|---|---|---|---|---|---|---|---|---|
| Dewey Decimal Classification | SGT Science & Social Sciences Library | SGT Science & Social Sciences Library | Reference Book | 26/03/2019 | PANKAJ PUB, | 1800.25 | SGTU | 4321 | 1 | 746.92 T14L | FF595 | 10/03/2021 | 06/02/2021 | 07/03/2019 | Books |